[Event "I Torneo Internazionale di Pasqua"]
[Site "Bologna ITA"]
[Date "2008.03.20"]
[Round "1"]
[White "Tomba, Ivan"]
[Black "Ronchetti, Niccolo'"]
[Result "0-1"]
[WhiteElo "2301"]
[BlackElo "2431"]
[PlyCount "118"]
[EventDate "2008.03.20"]

1. e4 c5 2. Nf3 Nc6 3. d4 cxd4 4. Nxd4 g6 5. c4 Bg7 6. Be3 Nf6 7. Nc3 O-O 8.
Be2 b6 9. O-O Bb7 10. Qd2 Nxd4 11. Bxd4 e5 12. Bxe5 Nxe4 13. Nxe4 Bxe5 14. Nc3
Re8 15. Rac1 Qf6 16. Rc2 Re7 17. Rd1 Rae8 18. Bf1 Qh4 19. h3 Qf6 20. b3 h5 21.
Nd5 Bxd5 22. Qxd5 h4 23. Qf3 Qxf3 24. gxf3 d6 25. Bd3 f5 26. Kf1 Kf7 27. Re2
Bc3 28. Rxe7+ Rxe7 29. f4 Bb4 30. Kg2 Re1 31. Rxe1 Bxe1 32. a3 Bd2 33. Kf3 Bc1
34. b4 Bxa3 35. b5 Ke7 36. Be2 Kd7 37. Bd3 Kc7 38. Be2 Kb7 39. Bd3 Bc5 40. Bc2
a5 41. bxa6+ Kxa6 42. Ba4 d5 43. Bb3 Ka5 44. cxd5 Bd6 45. Ke3 b5 46. Kd4 Kb4
47. Bd1 Bxf4 48. Be2 Bd6 49. f3 Ka4 50. Bd1+ Ka3 51. Bc2 Kb2 52. Bd1 Kc1 53.
Be2 b4 54. Bc4 Kd2 55. Bb3 Ke2 56. f4 Kf3 57. Kc4 Kg3 58. Kb5 Kxh3 59. Kc6 Bxf4
0-1

[Event "I Torneo Internazionale di Pasqua"]
[Site "Bologna ITA"]
[Date "2008.03.20"]
[Round "1"]
[White "Vancini, Edoardo"]
[Black "Barillaro, Luca"]
[Result "1-0"]
[WhiteElo "2277"]
[BlackElo "2180"]
[PlyCount "83"]
[EventDate "2008.03.20"]

1. d4 d5 2. Nf3 Nf6 3. c4 c6 4. Nc3 e6 5. Bg5 h6 6. Bxf6 Qxf6 7. e3 Nd7 8. Qc2
g6 9. cxd5 exd5 10. Bd3 Bg7 11. O-O O-O 12. b4 a6 13. a4 Qd6 14. Rab1 Rd8 15.
Rfc1 Nf8 16. h3 Be6 17. Ne2 Rac8 18. Qc5 Qb8 19. Nf4 Nd7 20. Qc2 Qd6 21. Nd2 g5
22. Nxe6 fxe6 23. Nb3 e5 24. Bf5 Rb8 25. Nc5 Nf8 26. dxe5 Qxe5 27. Rb3 Rd6 28.
Qb1 Rf6 29. g4 h5 30. Kg2 hxg4 31. hxg4 Rh6 32. Rh1 Rxh1 33. Qxh1 Qd6 34. Qh5
Qh6 35. Qxh6 Bxh6 36. b5 axb5 37. axb5 cxb5 38. Rxb5 Kf7 39. Na6 Rd8 40. Rxb7+
Kg8 41. Nb4 Bg7 42. Nc6 1-0

[Event "I Torneo Internazionale di Pasqua"]
[Site "Bologna ITA"]
[Date "2008.03.21"]
[Round "2"]
[White "Laketic, Gojko"]
[Black "Gilevych, Artem"]
[Result "1-0"]
[WhiteElo "2443"]
[BlackElo "2069"]
[PlyCount "57"]
[EventDate "2008.03.20"]

1. e4 e6 2. d3 d5 3. Nd2 Nc6 4. Ngf3 Bc5 5. c3 dxe4 6. Nxe4 Be7 7. d4 Nf6 8.
Bd3 b6 9. Qa4 Bd7 10. Qc2 Bc8 11. Qa4 Bd7 12. Qc2 Bc8 13. Bb5 Bd7 14. O-O O-O
15. Bd3 h6 16. Re1 Bc8 17. Nxf6+ Bxf6 18. Qe2 Bb7 19. Qe4 Re8 20. b3 g6 21.
Bxh6 e5 22. Qg4 Bg7 23. Bc4 Qd6 24. Ng5 Re7 25. Ne4 Bc8 26. Qh4 Qa3 27. Bxg7
Kxg7 28. Qf6+ Kh6 29. Qh8# 1-0

[Event "I Torneo Internazionale di Pasqua"]
[Site "Bologna ITA"]
[Date "2008.03.21"]
[Round "2"]
[White "Ronchetti, Niccolo'"]
[Black "Rombaldoni, Axel"]
[Result "1-0"]
[WhiteElo "2431"]
[BlackElo "2394"]
[PlyCount "65"]
[EventDate "2008.03.20"]

1. e4 c5 2. Nf3 Nc6 3. Bb5 Nf6 4. Nc3 Qc7 5. O-O Nd4 6. Nxd4 cxd4 7. Nd5 Nxd5
8. exd5 Qc5 9. c4 a6 10. b4 Qxb4 11. Ba4 g6 12. Bb3 Bg7 13. a4 Qa5 14. c5 O-O
15. Ba3 Qd8 16. Qf3 e5 17. d6 Rb8 18. Bd5 Kh8 19. Rfb1 f5 20. d3 b6 21. Ra2 e4
22. dxe4 fxe4 23. Qxe4 Re8 24. Qd3 Re5 25. Bf3 Qe8 26. Re2 b5 27. axb5 axb5 28.
Rbe1 Rxe2 29. Rxe2 Qf8 30. Bb2 b4 31. Re7 Bf6 32. Qxd4 Bxd4 33. Bxd4+ 1-0

[Event "I Torneo Internazionale di Pasqua"]
[Site "Bologna ITA"]
[Date "2008.03.21"]
[Round "2"]
[White "Vancini, Edoardo"]
[Black "Tomba, Ivan"]
[Result "0-1"]
[WhiteElo "2277"]
[BlackElo "2301"]
[PlyCount "62"]
[EventDate "2008.03.20"]

1. d4 d5 2. Nf3 c6 3. c4 Nf6 4. Nc3 a6 5. c5 Nbd7 6. Bf4 Nh5 7. Bg5 h6 8. Bd2
Nhf6 9. Bf4 g5 10. Bg3 Ne4 11. Nxe4 dxe4 12. Nd2 Bg7 13. Nc4 O-O 14. e3 e5 15.
Be2 f5 16. Qb3 Kh7 17. O-O-O f4 18. Qc2 fxg3 19. dxe5 Qe7 20. Qxe4+ Kg8 21.
Bd3 Bxe5 22. Qg6+ Qg7 23. Qe6+ Qf7 24. Qxh6 gxf2 25. Qxg5+ Qg7 26. Qh5 Nxc5 27.
Bg6 Bf6 28. Bc2 Bg4 29. Qxc5 Bxd1 30. Bxd1 Qxg2 31. Nd2 Qxh1 0-1

[Event "I Torneo Internazionale di Pasqua"]
[Site "Bologna ITA"]
[Date "2008.03.21"]
[Round "3"]
[White "Gilevych, Artem"]
[Black "Ronchetti, Niccolo'"]
[Result "1/2-1/2"]
[WhiteElo "2069"]
[BlackElo "2431"]
[PlyCount "59"]
[EventDate "2008.03.20"]

1. d4 Nf6 2. Nf3 e6 3. c4 Nc6 4. a3 d6 5. Nc3 g6 6. e4 Bg7 7. Be2 O-O 8. O-O
Re8 9. Be3 e5 10. d5 Nd4 11. Nxd4 exd4 12. Bxd4 Nxe4 13. Bxg7 Kxg7 14. Qd4+ Qf6
15. Qxf6+ Kxf6 16. Nb5 Re7 17. Rfe1 a6 18. Nd4 Bd7 19. f3 Nc5 20. Bf1 Rae8 21.
Rxe7 Rxe7 22. Kf2 Na4 23. Rc1 Re8 24. b3 Nc5 25. b4 Na4 26. c5 dxc5 27. bxc5
Ke5 28. c6 bxc6 29. dxc6 Be6 30. Nxe6 1/2-1/2

[Event "I Torneo Internazionale di Pasqua"]
[Site "Bologna ITA"]
[Date "2008.03.21"]
[Round "3"]
[White "Martinez, Rolly"]
[Black "Laketic, Gojko"]
[Result "1/2-1/2"]
[WhiteElo "2447"]
[BlackElo "2443"]
[PlyCount "22"]
[EventDate "2008.03.20"]

1. g3 c5 2. Bg2 Nc6 3. e4 d6 4. Nc3 g6 5. d3 Bg7 6. Be3 e6 7. Qd2 Nd4 8. Nd1
Nf6 9. h3 O-O 10. Ne2 Nd7 11. c3 Nxe2 1/2-1/2

[Event "I Torneo Internazionale di Pasqua"]
[Site "Bologna ITA"]
[Date "2008.03.21"]
[Round "3"]
[White "Tomba, Ivan"]
[Black "Barillaro, Luca"]
[Result "0-1"]
[WhiteElo "2301"]
[BlackElo "2180"]
[PlyCount "70"]
[EventDate "2008.03.20"]

1. e4 e6 2. d4 d5 3. Nc3 dxe4 4. Nxe4 Bd7 5. Nf3 Bc6 6. Bd3 Nd7 7. Qe2 Ngf6 8.
Ng3 Bxf3 9. Qxf3 c6 10. O-O Be7 11. b3 Qa5 12. Bb2 O-O 13. Qe2 Ba3 14. Bxa3
Qxa3 15. Ne4 Nxe4 16. Qxe4 Nf6 17. Qh4 Qb2 18. Rad1 Rad8 19. c4 Rd7 20. Bb1
Rfd8 21. d5 cxd5 22. g4 g6 23. c5 Qe5 24. f4 Qc3 25. Kh1 Ne4 26. Rde1 Qxc5 27.
f5 exf5 28. gxf5 Re8 29. Bd3 a6 30. f6 h5 31. Re2 Qd4 32. Qh3 Rd6 33. Rg2 Rxf6
34. Rxf6 Nxf6 35. Rg1 Ng4 0-1

[Event "I Torneo Internazionale di Pasqua"]
[Site "Bologna ITA"]
[Date "2008.03.22"]
[Round "4"]
[White "Barillaro, Luca"]
[Black "Berzinsh, Roland"]
[Result "1/2-1/2"]
[WhiteElo "2180"]
[BlackElo "2417"]
[PlyCount "50"]
[EventDate "2008.03.20"]

1. c4 Nf6 2. Nc3 e6 3. e4 c5 4. e5 Ng8 5. d4 cxd4 6. Qxd4 Nc6 7. Qe4 d6 8. Nf3
dxe5 9. Nxe5 Nf6 10. Nxc6 Qb6 11. Qf3 bxc6 12. Bd3 Bb7 13. O-O c5 14. Qe2 Bd6
15. Bg5 Qc6 16. f3 Qc7 17. f4 a6 18. Bxf6 gxf6 19. Nd5 Bxd5 20. cxd5 Bxf4 21.
dxe6 Bxh2+ 22. Kh1 Be5 23. Rf5 O-O-O 24. Bxa6+ Kb8 25. Bd3 Kc8 1/2-1/2

[Event "I Torneo Internazionale di Pasqua"]
[Site "Bologna ITA"]
[Date "2008.03.22"]
[Round "4"]
[White "Tomba, Ivan"]
[Black "Rombaldoni, Axel"]
[Result "1-0"]
[WhiteElo "2301"]
[BlackElo "2394"]
[PlyCount "111"]
[EventDate "2008.03.20"]

1. e4 c5 2. Nf3 d6 3. d4 cxd4 4. Nxd4 Nf6 5. Nc3 e6 6. Be3 a6 7. a4 b6 8. Be2
Bb7 9. f3 Be7 10. O-O O-O 11. Qd2 Nbd7 12. Rfd1 Rc8 13. Nb3 Ne5 14. Qd4 Rc6 15.
f4 Neg4 16. e5 dxe5 17. fxe5 Nxe3 18. Qxe3 Nd5 19. Nxd5 exd5 20. Nd4 Rg6 21.
Bd3 Rh6 22. c3 Re8 23. Qg3 Bh4 24. Qg4 Rxe5 25. Nf5 Rxf5 26. Bxf5 Qe7 27. Qf4
g5 28. Qd4 Qd6 29. Rd3 Bf2+ 30. Kxf2 Rh4 31. Qe3 Rf4+ 32. Kg1 Rxf5 33. Rf1 Re5
34. Qf2 Qe6 35. Qf6 a5 36. Rg3 h6 37. Rh3 Ba6 38. Rxh6 Qxf6 39. Rfxf6 Bd3 40.
Rxb6 Re2 41. Rh3 Re1+ 42. Kf2 Re2+ 43. Kf3 Kg7 44. Rg3 f6 45. h4 Re5 46. hxg5
fxg5 47. Kf2 Bc2 48. b3 Kf7 49. Re3 Be4 50. Ra6 g4 51. Rxa5 Kf6 52. Ra7 Kg5 53.
Rg7+ Kh4 54. g3+ Kh3 55. Rxe4 dxe4 56. Rh7+ 1-0

[Event "I Torneo Internazionale di Pasqua"]
[Site "Bologna ITA"]
[Date "2008.03.22"]
[Round "5"]
[White "Gilevych, Artem"]
[Black "Tomba, Ivan"]
[Result "0-1"]
[WhiteElo "2069"]
[BlackElo "2301"]
[PlyCount "92"]
[EventDate "2008.03.20"]

1. d4 Nf6 2. c4 c6 3. d5 cxd5 4. cxd5 e6 5. dxe6 fxe6 6. Nc3 Bc5 7. Nf3 O-O 8.
g3 Nc6 9. Bg2 d5 10. O-O Kh8 11. Ne1 Bb6 12. e4 d4 13. Na4 e5 14. Nxb6 Qxb6 15.
Nd3 Be6 16. b3 a5 17. Kh1 Rfe8 18. Bg5 a4 19. Bxf6 gxf6 20. f4 axb3 21. fxe5
fxe5 22. Qh5 Qc7 23. Bh3 Bc4 24. Kg1 bxa2 25. Rf6 Qg7 26. Bf5 Re7 27. Rh6 Qg8
28. Qh4 Bxd3 29. Qf6+ Rg7 30. Bxh7 Qxh7 31. Rxa2 Re8 32. Rb2 Qxh6 33. Qxh6+ Kg8
34. Qh5 Rf8 35. Rf2 Rxf2 36. Kxf2 Rf7+ 37. Ke1 Bc4 38. Qg4+ Kf8 39. Qc8+ Kg7
40. Qg4+ Kf6 41. h4 d3 42. h5 Nd4 43. Qc8 Nf3+ 44. Kf2 d2 45. Qd8+ Kg7 46. h6+
Kh7 0-1

[Event "I Torneo Internazionale di Pasqua"]
[Site "Bologna ITA"]
[Date "2008.03.22"]
[Round "5"]
[White "Martinez, Rolly"]
[Black "Vancini, Edoardo"]
[Result "1-0"]
[WhiteElo "2447"]
[BlackElo "2277"]
[PlyCount "77"]
[EventDate "2008.03.20"]

1. e4 c5 2. Nf3 e6 3. c3 Nf6 4. e5 Nd5 5. d4 cxd4 6. cxd4 d6 7. Bc4 Nc6 8. O-O
Be7 9. Qe2 O-O 10. Qe4 Qc7 11. a3 Rd8 12. Bg5 dxe5 13. Bxe7 Ndxe7 14. dxe5 Ng6
15. Nbd2 Ncxe5 16. Rac1 Nxf3+ 17. Nxf3 Qf4 18. Bd3 Rb8 19. g3 Qf6 20. h4 Qxb2
21. h5 f5 22. Qe3 Qb6 23. Qg5 Rxd3 24. hxg6 h6 25. Qe7 Bd7 26. Ne5 Rxg3+ 27.
Kh2 Rg5 28. Qf7+ Kh8 29. Qxd7 Rh5+ 30. Kg2 Rg5+ 31. Kf3 Qb3+ 32. Kf4 Rxg6 33.
Nxg6+ Kh7 34. Rg1 Qxa3 35. Ne5 Rg8 36. Rc7 Qb4+ 37. Nc4 Qf8 38. Qxe6 Qb8 39.
Qe5 1-0

[Event "I Torneo Internazionale di Pasqua"]
[Site "Bologna ITA"]
[Date "2008.03.22"]
[Round "5"]
[White "Rombaldoni, Axel"]
[Black "Barillaro, Luca"]
[Result "1-0"]
[WhiteElo "2394"]
[BlackElo "2180"]
[PlyCount "65"]
[EventDate "2008.03.20"]

1. e4 e6 2. d4 d5 3. Nc3 dxe4 4. Nxe4 Bd7 5. Bd3 Bc6 6. Nf3 Nd7 7. Qe2 Ngf6 8.
Neg5 Bxf3 9. Nxf3 Be7 10. O-O O-O 11. Rd1 c6 12. Ne5 Qc7 13. c3 Rad8 14. Bf4
Bd6 15. Bc2 Rfe8 16. Rd3 Nd5 17. Bg3 Nxe5 18. dxe5 Bf8 19. Qe4 g6 20. Bh4 Ne7
21. Rh3 Bg7 22. Bf6 Rd5 23. Re1 Nf5 24. g4 Ne7 25. Qe3 Bf8 26. c4 Rd7 27. Rxh7
Kxh7 28. Qh3+ Bh6 29. Qxh6+ Kxh6 30. Re3 Qxe5 31. Rh3+ Qh5 32. Rxh5+ gxh5 33.
g5# 1-0

[Event "I Torneo Internazionale di Pasqua"]
[Site "Bologna ITA"]
[Date "2008.03.22"]
[Round "5"]
[White "Scalcione, Michelangelo"]
[Black "Ronchetti, Niccolo'"]
[Result "1/2-1/2"]
[WhiteElo "2431"]
[BlackElo "2431"]
[PlyCount "38"]
[EventDate "2008.03.20"]

1. d4 d5 2. Nf3 Nf6 3. c4 dxc4 4. e3 e6 5. Bxc4 c5 6. O-O a6 7. Qe2 b5 8. Bd3
cxd4 9. exd4 Be7 10. a4 bxa4 11. Rxa4 O-O 12. Nc3 Bb7 13. Re1 Nc6 14. Bg5 Qb6
15. d5 exd5 16. Bxf6 Bxf6 17. Nxd5 Qd8 18. Nxf6+ Qxf6 19. Re4 Rad8 1/2-1/2

[Event "I Torneo Internazionale di Pasqua"]
[Site "Bologna ITA"]
[Date "2008.03.23"]
[Round "6"]
[White "Rombaldoni, Axel"]
[Black "Gilevych, Artem"]
[Result "1-0"]
[WhiteElo "2394"]
[BlackElo "2069"]
[PlyCount "95"]
[EventDate "2008.03.20"]

1. e4 e6 2. d4 d5 3. Nc3 Bb4 4. e5 c5 5. a3 Bxc3+ 6. bxc3 Qc7 7. h4 cxd4 8.
cxd4 Qc3+ 9. Bd2 Qxd4 10. Nf3 Qe4+ 11. Be3 Nc6 12. Bd3 Qg4 13. h5 Qa4 14. Rh4
Qa5+ 15. Kf1 Bd7 16. Qb1 Nge7 17. Qb2 h6 18. Rg4 Kf8 19. Rb1 Rd8 20. Nd4 Nxe5
21. Rxg7 f6 22. Rg3 Kf7 23. Nb3 Nxd3 24. cxd3 Qb5 25. Rf3 Qxd3+ 26. Kg1 Nf5 27.
Bg5 Qxb1+ 28. Qxb1 hxg5 29. g4 Nh4 30. Rc3 Rc8 31. Rxc8 Rxc8 32. Qh7+ Ke8 33.
Qg8+ Ke7 34. Qg7+ Kd6 35. Qxf6 Rc4 36. Qf8+ Kc7 37. f3 Rc3 38. Qb4 Rxf3 39. h6
Rf7 40. Nd4 Rf4 41. h7 Rxg4+ 42. Kh1 Ng6 43. Nb5+ Bxb5 44. Qxg4 Kd6 45. Qb4+
Kc6 46. Qb1 Nh8 47. Qb2 Nf7 48. Qf6 1-0

[Event "I Torneo Internazionale di Pasqua"]
[Site "Bologna ITA"]
[Date "2008.03.23"]
[Round "6"]
[White "Tomba, Ivan"]
[Black "Martinez, Rolly"]
[Result "0-1"]
[WhiteElo "2301"]
[BlackElo "2447"]
[PlyCount "110"]
[EventDate "2008.03.20"]

1. e4 c5 2. Nf3 Nc6 3. d4 cxd4 4. Nxd4 Nf6 5. Nc3 d6 6. Bc4 Qb6 7. Nb3 e6 8.
Be3 Qc7 9. Bd3 Be7 10. f4 a6 11. Qf3 b5 12. O-O Bb7 13. Qh3 Nb4 14. Rac1 e5 15.
fxe5 dxe5 16. a3 Nxd3 17. cxd3 Qd8 18. Nc5 Bc8 19. Qg3 O-O 20. h3 Qd6 21. d4
exd4 22. e5 Qxc5 23. exf6 Bxf6 24. Ne4 Be5 25. Rxc5 Bxg3 26. Bxd4 Bh4 27. Rh5
Be7 28. Re5 Be6 29. Nc5 Bf6 30. Rxf6 gxf6 31. Rh5 Rfd8 32. Rh4 Bf5 33. Bxf6 Rd6
34. Bc3 Re8 35. Rf4 Bg6 36. a4 Rc8 37. b4 Rd1+ 38. Kh2 Rc1 39. Bf6 bxa4 40.
Nxa6 R1c4 41. Rf3 R4c6 42. Nc5 a3 43. Bd4 Rd6 44. Be5 Rd5 45. Bf6 Ra8 46. Nb3
a2 47. Na5 Rf5 48. Rxf5 Bxf5 49. Nb3 Bc2 50. Na1 Ba4 51. Kg3 Ra6 52. Bc3 Rc6
53. Bd4 Rd6 54. Be5 Rd2 55. Bf4 Rd4 0-1

[Event "I Torneo Internazionale di Pasqua"]
[Site "Bologna ITA"]
[Date "2008.03.23"]
[Round "6"]
[White "Vancini, Edoardo"]
[Black "Scalcione, Michelangelo"]
[Result "1-0"]
[WhiteElo "2277"]
[BlackElo "2431"]
[PlyCount "68"]
[EventDate "2008.03.20"]

1. d4 d6 2. c4 Nf6 3. Nc3 g6 4. e4 Bg7 5. f4 O-O 6. Be2 c5 7. d5 e6 8. Nf3 exd5
9. cxd5 Bg4 10. O-O Bxf3 11. Bxf3 Nbd7 12. Be3 Re8 13. a4 Nxe4 14. Nxe4 f5 15.
Nxd6 Rxe3 16. Nc4 Re8 17. Qb3 Bd4+ 18. Kh1 Nb6 19. Ne5 Bxe5 20. fxe5 Rxe5 21.
a5 c4 22. Qc3 Nd7 23. d6 Rc8 24. Bxb7 Rcc5 25. Ba6 Qh4 26. Rac1 Nf6 27. Bxc4+
Kg7 28. b4 Ne4 29. Qd3 Rxc4 30. Rxc4 Nf2+ 31. Kg1 Nxd3 32. Rxh4 Rd5 33. Rd1 Kf6
34. Rh3 Ke5 1-0

[Event "I Torneo Internazionale di Pasqua"]
[Site "Bologna ITA"]
[Date "2008.03.23"]
[Round "7"]
[White "Berzinsh, Roland"]
[Black "Vancini, Edoardo"]
[Result "1/2-1/2"]
[WhiteElo "2417"]
[BlackElo "2277"]
[PlyCount "81"]
[EventDate "2008.03.20"]

1. e4 c5 2. Nf3 e6 3. c3 Nf6 4. e5 Nd5 5. d4 cxd4 6. cxd4 d6 7. Bc4 Nc6 8. O-O
Be7 9. Qe2 O-O 10. Qe4 Qc7 11. Re1 Ncb4 12. Bb3 dxe5 13. dxe5 Bd7 14. Ng5 Bxg5
15. Bxg5 Rac8 16. Nd2 Bb5 17. Qg4 Kh8 18. Bxd5 Nxd5 19. Ne4 Bc6 20. Nd6 Ra8 21.
Rac1 Qd7 22. Rcd1 Qc7 23. b4 f6 24. exf6 gxf6 25. Qxe6 Qg7 26. b5 Nf4 27. Qg4
Nxg2 28. Rf1 Nh4 29. bxc6 fxg5 30. cxb7 Rad8 31. Kh1 Rxd6 32. Rxd6 Qxb7+ 33. f3
Nxf3 34. Rd7 Qc6 35. Rxf3 Rxf3 36. Qd4+ Rf6+ 37. Kg1 Qc1+ 38. Qd1 Qe3+ 39. Kh1
Qe4+ 40. Kg1 Qe3+ 41. Kh1 1/2-1/2

[Event "I Torneo Internazionale di Pasqua"]
[Site "Bologna ITA"]
[Date "2008.03.23"]
[Round "7"]
[White "Laketic, Gojko"]
[Black "Ronchetti, Niccolo'"]
[Result "1/2-1/2"]
[WhiteElo "2443"]
[BlackElo "2431"]
[PlyCount "20"]
[EventDate "2008.03.20"]

1. e4 c5 2. c3 d5 3. exd5 Qxd5 4. d4 Nf6 5. Nf3 Bg4 6. Be2 e6 7. h3 Bh5 8. O-O
Nc6 9. Be3 cxd4 10. cxd4 Be7 1/2-1/2

[Event "I Torneo Internazionale di Pasqua"]
[Site "Bologna ITA"]
[Date "2008.03.23"]
[Round "7"]
[White "Martinez, Rolly"]
[Black "Rombaldoni, Axel"]
[Result "0-1"]
[WhiteElo "2447"]
[BlackElo "2394"]
[PlyCount "131"]
[EventDate "2008.03.20"]

1. e4 c5 2. Nf3 Nc6 3. c3 Nf6 4. e5 Nd5 5. d4 cxd4 6. cxd4 d6 7. Bc4 Nb6 8. Bb5
d5 9. h3 Bf5 10. O-O e6 11. Nc3 Be7 12. Be3 O-O 13. Na4 Nxa4 14. Bxa4 Rc8 15.
Rc1 Qb6 16. Qd2 Na5 17. Rxc8 Rxc8 18. Rc1 Nc4 19. b3 Nxd2 20. Rxc8+ Bd8 21.
Bxd2 h6 22. Be8 g5 23. a4 a5 24. Bb5 Kg7 25. b4 axb4 26. Bxb4 g4 27. hxg4 Bxg4
28. Bc5 Qa5 29. Bd3 Bf5 30. Bxf5 exf5 31. Kh2 Bg5 32. Nxg5 hxg5 33. Be7 f4 34.
Bf6+ Kg6 35. Rg8+ Kf5 36. Rxg5+ Ke6 37. Rg4 Qd2 38. Bg5 Qxd4 39. Bxf4 Qxf2 40.
Bg3 Qb2 41. Rh4 d4 42. Rh6+ Kd5 43. Rd6+ Kc4 44. Rd7 d3 45. Bf4 Qf2 46. Rxf7 b6
47. Rf6 Kc5 48. Kh3 d2 49. Bxd2 Qxd2 50. g3 Qd7+ 51. e6 Qxa4 52. Rf4 Qe8 53.
Re4 Qe7 54. Kg4 Kd5 55. Re2 b5 56. Rd2+ Ke4 57. Re2+ Kd3 58. Re5 b4 59. Kf5 b3
60. Rd5+ Kc4 61. Rd7 Qc5+ 62. Kf6 Qf2+ 63. Kg7 Qxg3+ 64. Kf8 b2 65. Rb7 Qf3+
66. Ke7 0-1

[Event "I Torneo Internazionale di Pasqua"]
[Site "Bologna ITA"]
[Date "2008.03.23"]
[Round "7"]
[White "Scalcione, Michelangelo"]
[Black "Tomba, Ivan"]
[Result "1-0"]
[WhiteElo "2431"]
[BlackElo "2301"]
[PlyCount "57"]
[EventDate "2008.03.20"]

1. d4 d5 2. Nf3 c6 3. c4 Nf6 4. Nc3 a6 5. a4 e6 6. Bg5 Nbd7 7. e3 Qa5 8. Nd2
Bb4 9. Qc2 c5 10. Nb3 Qc7 11. cxd5 cxd4 12. Nxd4 Nxd5 13. Rc1 b6 14. Bd3 h6 15.
Bh4 Bb7 16. Bg3 Qc5 17. O-O Nxc3 18. bxc3 Ba3 19. Rcd1 Qe7 20. Qa2 O-O 21. Bb1
Nf6 22. Bh4 Rac8 23. Bxf6 gxf6 24. Qc2 f5 25. Nxf5 exf5 26. Qxf5 Kg7 27. Qh7+
Kf6 28. Qxh6+ Ke5 29. f4# 1-0

[Event "I Torneo Internazionale di Pasqua"]
[Site "Bologna ITA"]
[Date "2008.03.24"]
[Round "8"]
[White "Gilevych, Artem"]
[Black "Martinez, Rolly"]
[Result "0-1"]
[WhiteElo "2069"]
[BlackElo "2447"]
[PlyCount "80"]
[EventDate "2008.03.20"]

1. d4 Nf6 2. Nf3 e6 3. c4 b6 4. a3 Ba6 5. Qc2 Bb7 6. Nc3 c5 7. dxc5 bxc5 8. Bf4
d6 9. e3 Be7 10. Be2 Nh5 11. Bg3 h6 12. O-O Nxg3 13. hxg3 Qb6 14. Rfd1 Nc6 15.
Nd2 O-O 16. Nde4 Rfd8 17. g4 Rd7 18. Rd2 Rad8 19. Rad1 Ne5 20. f4 Ng6 21. Rf1
Bc6 22. f5 Ne5 23. f6 gxf6 24. Nxf6+ Bxf6 25. Rxf6 Kg7 26. Rf1 Qb7 27. Rf2 Rg8
28. e4 Qb8 29. Qc1 a5 30. Rd1 Qd8 31. Rdf1 Qg5 32. Qd1 Qe3 33. Kh2 Rb8 34. Qc2
Rdb7 35. Nb5 Bxe4 36. Qa4 Bd3 37. Qd1 Bxe2 38. Rxe2 Nxg4+ 39. Kh1 Qg3 40. Qxd6
e5 0-1

[Event "I Torneo Internazionale di Pasqua"]
[Site "Bologna ITA"]
[Date "2008.03.24"]
[Round "8"]
[White "Tomba, Ivan"]
[Black "Berzinsh, Roland"]
[Result "1-0"]
[WhiteElo "2301"]
[BlackElo "2417"]
[PlyCount "91"]
[EventDate "2008.03.20"]

1. e4 c5 2. Nf3 b6 3. c4 Bb7 4. Nc3 Nf6 5. e5 Ne4 6. Nb1 f5 7. d3 Qc7 8. Be3 e6
9. dxe4 fxe4 10. Nfd2 Qxe5 11. Nc3 Be7 12. Qg4 O-O 13. Ndxe4 d5 14. cxd5 exd5
15. f4 h5 16. fxe5 hxg4 17. Bg5 Re8 18. Bxe7 Rxe7 19. Nf2 Rxe5+ 20. Kd2 d4 21.
Nb5 Nd7 22. Nxg4 Rg5 23. h3 a6 24. Nd6 Bd5 25. Bc4 Bxc4 26. Nxc4 b5 27. Nd6 Nb6
28. Rac1 c4 29. Rhf1 Na4 30. b3 c3+ 31. Kc2 d3+ 32. Kxd3 Rd5+ 33. Ke4 Rxd6 34.
bxa4 Re8+ 35. Kf3 Rd3+ 36. Kf2 Rd2+ 37. Kg3 b4 38. Rf2 Ree2 39. Rxe2 Rxe2 40.
a3 a5 41. axb4 axb4 42. Kf3 Ra2 43. Ne3 Rxa4 44. Rb1 Kf7 45. Rb3 Kg6 46. Ke4
1-0

[Event "I Torneo Internazionale di Pasqua"]
[Site "Bologna ITA"]
[Date "2008.03.24"]
[Round "9"]
[White "Berzinsh, Roland"]
[Black "Rombaldoni, Axel"]
[Result "1-0"]
[WhiteElo "2417"]
[BlackElo "2394"]
[PlyCount "86"]
[EventDate "2008.03.20"]

1. e4 c5 2. Nf3 d6 3. d4 cxd4 4. Nxd4 Nf6 5. Nc3 e6 6. Bc4 Be7 7. a3 O-O 8. Ba2
a6 9. f4 b5 10. f5 e5 11. Nde2 Bb7 12. Ng3 Nbd7 13. Be3 Nc5 14. Qf3 Rc8 15. Rd1
a5 16. O-O b4 17. axb4 axb4 18. Nd5 Na4 19. Nh5 Bxd5 20. Bxd5 Nxb2 21. Nxf6+
Bxf6 22. Rb1 Nc4 23. Rxb4 Nxe3 24. Qxe3 Rxc2 25. Rb7 Bg5 26. Qa3 Rc7 27. Rfb1
Kh8 28. g3 Qe7 29. h4 Bf6 30. Qa7 Rxb7 31. Rxb7 Qd8 32. Kg2 h6 33. Kh3 Qc8 34.
Rc7 Qe8 35. Qb7 Qa4 36. Rxf7 Rd8 37. Qc7 Rg8 38. Qc1 Bd8 39. f6 g5 40. hxg5
Rxg5 41. Rf8+ Kh7 42. Rxd8 Qa7 43. Kg2 Qa5 1-0

[Event "I Torneo Internazionale di Pasqua"]
[Site "Bologna ITA"]
[Date "2008.03.24"]
[Round "9"]
[White "Martinez, Rolly"]
[Black "Barillaro, Luca"]
[Result "1-0"]
[WhiteElo "2447"]
[BlackElo "2180"]
[PlyCount "69"]
[EventDate "2008.03.20"]

1. e4 e6 2. d4 d5 3. Nd2 dxe4 4. Nxe4 Bd7 5. Nf3 Bc6 6. Bd3 Nd7 7. Qe2 Ngf6 8.
Bg5 Be7 9. h4 h6 10. Bd2 Nxe4 11. Bxe4 Bxe4 12. Qxe4 c6 13. O-O-O Qb6 14. c4
Bf6 15. g4 c5 16. g5 Bxd4 17. Nxd4 cxd4 18. Bf4 hxg5 19. Bxg5 e5 20. Kb1 Qg6
21. Qxg6 fxg6 22. f4 O-O 23. Rhe1 Rae8 24. fxe5 Rxe5 25. Rxe5 Nxe5 26. Rxd4 Nf3
27. Rd7 Rf7 28. Rd8+ Rf8 29. Rd5 Rf5 30. Kc2 Kf8 31. Rd8+ Kf7 32. Rd7+ Ke6 33.
Rxb7 Nxg5 34. hxg5 Rxg5 35. Rxa7 1-0

[Event "I Torneo Internazionale di Pasqua"]
[Site "Bologna ITA"]
[Date "2008.03.24"]
[Round "9"]
[White "Ronchetti, Niccolo'"]
[Black "Vancini, Edoardo"]
[Result "1/2-1/2"]
[WhiteElo "2431"]
[BlackElo "2277"]
[PlyCount "25"]
[EventDate "2008.03.20"]

1. e4 c5 2. Nf3 e6 3. c3 Nf6 4. e5 Nd5 5. d4 cxd4 6. cxd4 d6 7. Bc4 Nc6 8. O-O
Be7 9. exd6 Qxd6 10. Re1 O-O 11. Nc3 a6 12. Bb3 Rd8 13. Ne4 1/2-1/2

[Event "I Torneo Internazionale di Pasqua"]
[Site "Bologna ITA"]
[Date "2008.03.24"]
[Round "9"]
[White "Scalcione, Michelangelo"]
[Black "Gilevych, Artem"]
[Result "1/2-1/2"]
[WhiteElo "2431"]
[BlackElo "2069"]
[PlyCount "36"]
[EventDate "2008.03.20"]

1. Nf3 Nf6 2. c4 c6 3. Nc3 d5 4. d4 e6 5. Bg5 h6 6. Bxf6 Qxf6 7. Qb3 a5 8. e3
Nd7 9. Rc1 g6 10. h4 Bg7 11. h5 g5 12. cxd5 exd5 13. Bd3 O-O 14. Bb1 Qe7 15.
Qc2 f5 16. Ne2 Nb6 17. O-O Nc4 18. Rce1 Qb4 1/2-1/2

[Event "V Torneo C Primavera Vomero"]
[Site "Napoli ITA"]
[Date "2008.04.10"]
[Round "3"]
[White "Donadio, Giacinto"]
[Black "Perelli, Giuseppe"]
[Result "1-0"]
[WhiteElo "1386"]
[BlackElo "1362"]
[PlyCount "49"]
[EventDate "2008.03.27"]

1. e4 e6 2. d4 d5 3. exd5 exd5 4. Nf3 Nf6 5. Bg5 Be7 6. Be2 O-O 7. O-O Nbd7 8.
Nbd2 c5 9. dxc5 Nxc5 10. Nd4 Ne6 11. Be3 Nxd4 12. Bxd4 Bf5 13. Nb3 b6 14. Bd3
Bxd3 15. Qxd3 Rc8 16. c3 Qd7 17. Nd2 Rfe8 18. Rfe1 Qc6 19. Re2 Bc5 20. Rae1
Rxe2 21. Rxe2 Bxd4 22. Qxd4 Qb5 23. Re7 Qxb2 24. Rxa7 Qxc3 25. Qxc3 1-0

[Event "V Torneo C Primavera Vomero"]
[Site "Napoli ITA"]
[Date "2008.05.08"]
[Round "6"]
[White "Irollo, Francesco"]
[Black "Perelli, Giuseppe"]
[Result "0-1"]
[WhiteElo "1482"]
[BlackElo "1362"]
[PlyCount "78"]
[EventDate "2008.03.27"]

1. e4 e6 2. Nf3 d5 3. exd5 exd5 4. Nc3 Nf6 5. Qe2+ Be7 6. g3 O-O 7. Bg2 Re8 8.
O-O c6 9. b3 Bf5 10. d3 Bb4 11. Qd2 d4 12. Bb2 dxc3 13. Bxc3 Bxc3 14. Qxc3 Nbd7
15. Qb4 Rb8 16. Nh4 Be6 17. Rfe1 a5 18. Qc3 Qb6 19. Re2 Bg4 20. Rxe8+ Rxe8 21.
h3 Be6 22. Kf1 Qc5 23. Qd2 Bd5 24. f3 b5 25. d4 Qb6 26. Nf5 Be6 27. Nd6 Rd8 28.
Re1 c5 29. Ne4 cxd4 30. f4 Nxe4 31. Bxe4 Bxh3+ 32. Ke2 Re8 33. Kd1 Nf6 34.
Bxh7+ Kxh7 35. Rh1 Qe6 36. Qd3+ Kg8 37. Kc1 Bf5 38. Qxb5 Qe3+ 39. Kb2 Qc3+ 0-1